| Поле | Инд. | ПП | Название | Значение |
|---|---|---|---|---|
| Тип записи | a | |||
| Библиографический уровень | m | |||
| 001 | Контрольный номер | RU/IS/BASE/225369822 | ||
| 005 | Дата корректировки | 20180322113748.9 | ||
| 020 | 00 | a | ISBN | 5-87483-012-Х |
| c | Цена, тираж | 4500-00 | ||
| 084 | a | Индекс другой классификации/Индекс ББК | 63.3(2)6+63.3(2)62 | |
| 090 | x | Авторский знак | И 90 | |
| a | Полочн. индекс | 63.3(2)6 | ||
| 245 | 00 | a | Заглавие | История Отечества в документах, 1917-1993 гг. |
| n | Номер части/ раздела | Ч. 3. 1939-1945 гг. | ||
| b | Продолж. заглавия | хрестоматия для учащихся ст. кл. сред. школы | ||
| c | Ответственность | сост. А. Г. Колосков, Е. А. Гевуркова ; Ин-т общеобразоват. шк., Рос. акад. образования | ||
| 260 | 00 | a | Место издания | Москва |
| b | Издательство | ИЛБИ | ||
| c | Дата издания | 1995 | ||
| 300 | 00 | a | Объем | 192 с. |
| 650 | 00 | a | Основная рубрика | СССР-История, 1939-1941-Хрестоматии; Великая Отечественная война, 1941-1945-Хрестоматии |
| 653 | 00 | a | Ключевые слова | Документы |
| 653 | 1_ | a | Ключевые слова | Великая Отечественная война 1941-1945 гг. |
| 653 | 1_ | a | Ключевые слова | История СССР |